| 000 | 00916nam a22002417a 4500 | ||
|---|---|---|---|
| 999 |
_c14 _d14 |
||
| 003 | AR-CdUCM | ||
| 008 | 190220b ||||| |||| 00| 0 spa d | ||
| 040 |
_aMUNICIPALIDAD PROVINCIAL DEL CUSCO _cBIBLIOTECA MUNICIPAL DEL CUSCO |
||
| 082 |
_a985.31 / _bM19 |
||
| 100 |
_aMalca Landavery ,Jose _975 |
||
| 110 |
_aMunicipalidad provincial de Huaylas. _976 |
||
| 245 | _aAncash y su polícroma indumentaria / | ||
| 260 |
_aPeru : _c1993. |
||
| 300 |
_a105 paginas ; _bilustraciones, _c23 cm. |
||
| 505 | _aContenido: Indumentaria de las vertientes --Indumentaria del callejon de Huaylas --Indumentaria del callejon de Conchuco --Trajes de Antonio Raymondi y Marizcal Luzuriaga ... | ||
| 650 |
_aEtimología _977 |
||
| 650 |
_aVertientes _978 |
||
| 650 |
_aTrajes típicos _979 |
||
| 650 |
_aTrajes masculinos y femeninos _980 |
||
| 650 |
_aVestimenta Ancashina _981 |
||
| 942 |
_2ddc _cLIBROS |
||
| 945 |
_arjall _d2019-02-20 |
||